| 000 | 00894nas a2200289 4500 | ||
|---|---|---|---|
| 001 | BR0205598 | ||
| 003 | BR-BrBNA | ||
| 005 | 20231205103402.0 | ||
| 007 | ta | ||
| 008 | 230509b bl.|||p| |||| 00| 00por d | ||
| 040 |
_aBR-BrBNA _bpor _cBiblioteca Nacional de Agricultura |
||
| 041 | _a(Pt) | ||
| 072 | _aE16; E70 | ||
| 100 | 1 | _aBrum, B. | |
| 100 | 1 | _aWedekin, I. | |
| 245 | 1 | _aUm 'Agricluster' acima da média: no sudoeste de Goiás é possível trabalhar com custos de produção extremamente competitivos | |
| 650 | _aECONOMIA DA PRODUÇÃO | ||
| 650 | _aESTATÍSTICA DE PRODUÇÃO | ||
| 650 | _aAGRIBUSINESS | ||
| 650 | _aMERCADO NACIONAL | ||
| 650 | _aDEMANDA | ||
| 650 | _aCUSTO | ||
| 650 | _aGOIÁS | ||
| 773 | 0 |
_tAgroanalysis (Brazil) _xISSN 0100-4298 _g(Jun-Jul 2002), v. 22(5) p. 56-72 _wBR0205598 |
|
| 909 |
_a202311 _bLúcia _c55 _dLúcia Elande |
||
| 942 |
_2AGRIS _n0 _cANA |
||
| 999 |
_c172588 _d172588 |
||